Normal view
MARC view
- Pinilla, Norberto
Entry Nombre Personal
001 - NUMERO DE CONTROL
- campo de control: 54191
003 - IDENTIFICADOR DE NUMERO DE CONTROL
- campo de control: DLC
005 - FECHA Y HORA DE LA ÜLTIMA TRANSACCIÓN
- campo de control: 20241017125103.0
008 - DATOS DE LONGITUD FIJA
- campo de control de longitud fija: 241017|| aca||aabn | aaa d
010 ## - NÚMERO DE CONTROL DE LA BIBLIOTECA DEL CONGRESO
- Número de control LC: nr 93025279
035 ## - NUMERO DE CONTROL
- Número de control: (DLC)nr 93025279
040 ## - FUENTE DE CATALOGACIÓN
- Agencia original de catalogación: NjP
- Lenguaje de catalogación: spa
- Agencia de transcripción: NjP
- Agencia que lo modifica: MX-MxUPN
100 1# - ENCABEZAMIENTO - NOMBRE PERSONAL
- Nombre personal: Pinilla, Norberto
670 ## - FUENTE EN LA QUE SE LOCALIZARON DATOS
- Cita de la fuente: Autoridades LC, 17 octubre 2024 :
- Información localizada: (Pinilla, Norberto)
- Uniform Resource Identifier: https://lccn.loc.gov/nr93025279
902 ## - CATALOGADOR
- Catalogador: MaríaRobles/171024
